=LDR 00000nam 2200000 4500 =001 INLIS000000000044578 =005 20210223055325 =035 ##$$a 0010-101300000002500 =008 210223################g##########0#ind## =041 ##$$a Ind =082 ##$$a 391.2 =090 ##$$a 391.2 , Ila a =100 ##$$a Ilahi, Nikmah =245 1#$$a Aksi jilbab-jilbab cantik super unik : $b Ragam kreasi dan modifikasi jilbab keren /$c Nikmah Ilahi ; editor, Desy Wijaya =260 ##$$a Jakarta :$b Harmoni,$c 2011 =300 ##$$a 102 hlm. : $b ilus ; $c 23 x 18 cm. =850 ##$$a NBPNMAT =020 ##$$a 978-602-978-495-4 =084 ##$$a 391.2 ILA a =250 ##$$a cet. 1 =700 #$$a Desy Wijaya =520 ##$$a Bibliografi : hlm. 101-102 =990 ##$$a 21105467 =990 ##$$a 21105470/pb-2011 =990 ##$$a 21105467 =990 ##$$a 21105470/pb-2011